Scottish right to buy extended (Record no. 117116)

MARC details
000 -LEADER
fixed length control field 01028cam a2200217 4500
001 - CONTROL NUMBER
control field WB4011-18
008 - FIXED-LENGTH DATA ELEMENTS--GENERAL INFORMATION
fixed length control field 040318n2004 000 0 eng u
035 ## - SYSTEM CONTROL NUMBER
System control number (Sirsi) u125468
245 ## - TITLE STATEMENT
Title Scottish right to buy extended
260 ## - PUBLICATION, DISTRIBUTION, ETC.
Date of publication, distribution, etc. 2004
490 ## - SERIES STATEMENT
Series statement Scottish Executive News Release
Volume/sequential designation (SEEN818/2004) 9 March 2004 (2)
520 ## - SUMMARY, ETC.
Summary, etc. Following consultation on the Land Reform (Scotland) Act 2003, an order has been laid in the Scottish Parliament, which will allow communities in settlements with a population of up to 10 000 to buy land when it comes to be sold. It is estimated that an extra 117 settlements will benefit. Community right to buy is a key element of Scottish land reform intended to end the deadlock of private ownership. http://www.scotland.gov.uk/pages/news/2004/03/SEEN 818.aspx
590 ## - LOCAL NOTE (RLIN)
Local note WB
590 ## - LOCAL NOTE (RLIN)
Local note WB
650 ## - SUBJECT ADDED ENTRY--TOPICAL TERM
Topical term or geographic name entry element SCOTLAND
650 ## - SUBJECT ADDED ENTRY--TOPICAL TERM
Topical term or geographic name entry element LAND REFORM
650 ## - SUBJECT ADDED ENTRY--TOPICAL TERM
Topical term or geographic name entry element LAND REFORM (SCOTLAND) ACT 2003
650 ## - SUBJECT ADDED ENTRY--TOPICAL TERM
Topical term or geographic name entry element COMMUNITY RIGHT TO BUY
690 ## - LOCAL SUBJECT ADDED ENTRY--TOPICAL TERM (OCLC, RLIN)
Topical term or geographic name as entry element PROPERTY AND LAND LAW
942 ## - ADDED ENTRY ELEMENTS (KOHA)
Suppress in OPAC 0
Holdings
Withdrawn status Lost status Source of classification or shelving scheme Damaged status Not for loan Home library Current library Shelving location Date acquired Total Checkouts Full call number Barcode Date last seen Copy number Price effective from Koha item type
    Dewey Decimal Classification     London London News article 18/03/2004   WB4011-18 125468-1001 06/08/2019 1 06/08/2019 News article